Del mercat a la taula : receptes de baix cost : 120 receptes dels clients i les clientes dels mercats de la província de Barcelona receptes de baix cost :
Publicado:
Barcelona :
Diputació de Barcelona. Àrea de Comerç. Oficina de Mercats i Fires Locals : Direcció de Comunicació ,
2011
Descripción Física:
144 p. : fot. ; 22 cm
MARC
| LEADER | 00000nam a2200000Ia 4500 | ||
|---|---|---|---|
| 001 | 23168 | ||
| 008 | 160829s2011 xx 000 0 cat d | ||
| 080 | |a C-3-353 | ||
| 245 | |a Del mercat a la taula : |b receptes de baix cost : |b 120 receptes dels clients i les clientes dels mercats de la província de Barcelona | ||
| 260 | |a Barcelona : |b Diputació de Barcelona. Àrea de Comerç. Oficina de Mercats i Fires Locals : |b Direcció de Comunicació, |c 2011 | ||
| 300 | |a 144 p. : |b fot. ; |c 22 cm | ||
| 590 | |a L'edició és un obsequi de la Diputació de Barcelona. | ||
| 590 | |a La versió digital es troba a: www.diba.cat/delmercatalataula | ||
| 650 | |a Cuina |9 38788 | ||
| 650 | |a Mercats coberts |x Barcelona (Província) |9 47795 | ||
| 710 | 1 | |a Barcelona (Catalunya : Província). |b Oficina de Mercats i Fires Locals |9 53630 | |
| 710 | |a Barcelona (Catalunya : Província). |b Direcció de Comunicació |9 53855 | ||
| 901 | |a Arxiu | ||
| 942 | |n 1 | ||
| 952 | |0 0 |1 0 |4 0 |6 C3353 |7 1 |9 54120 |a Arxiu |b Arxiu |d 2016-12-01 |l 0 |o C-3-353 |p 23168 |r 2016-12-01 00:00:00 |w 2016-12-01 |y ARXIU | ||
| 999 | |c 57989 |d 57989 | ||